Statistiken für Ewige Tabelle der Regionalliga Nord-Ost

Klicken Sie hier um das Quiz zu spielen!

Allgemein

  • Dieses Quiz wurde 257 mal gespielt
  • Das Durchschnittsergebnis liegt bei 29 aus 53

Antwortstatistiken

PlatzVereinSpielePunkte% Korrekt
17Tennis Borussia Berlin146288
93%
46Tennis Borussia Berlin II3434
93%
3FC Carl Zeiss Jena272464
92%
2Hertha BSC II362475
89%
8FC Rot-Weiß Erfurt238372
87%
131. FC Magdeburg192313
83%
91. FC Union Berlin204369
83%
351. FC Union Berlin II90117
83%
18Chemnitzer FC149286
83%
48F.C. Hansa Rostock II3420
83%
42RB Leipzig3072
83%
37RB Leipzig II68104
83%
191. FC Lokomotive Leipzig196284
82%
7FC Energie Cottbus206409
82%
49FC Energie Cottbus II3020
82%
10FC Erzgebirge Aue204325
82%
1BFC Dynamo404518
81%
45VfL Halle 18963435
81%
40BSG Chemie Leipzig7082
77%
12FSV Zwickau192319
76%
6SV Babelsberg 03333434
76%
5Berliner AK260441
72%
15FC Viktoria 1889 Berlin228300
72%
53Torgelower FC Greif3013
68%
21VfB Germania Halberstadt228260
62%
14ZFC Meuselwitz261307
59%
4FSV Wacker Nordhausen318450
57%
22VFC Plauen226254
56%
20SG Dynamo Dresden170274
55%
26FSV Optik Rathenow232191
54%
30VSG Altglienicke102149
54%
31FSV Budissa Bautzen166149
49%
41FSV 63 Luckenwalde11577
48%
11VfB Auerbach 1906260324
48%
44SV Lichtenberg 473541
47%
24TSG Neustrelitz192237
46%
27FSV Union Fürstenwalde137188
44%
52BSV Brandenburg3415
39%
36Bischofswerdaer FV 08134112
30%
25FSV Lok Altmark Stendal204236
24%
28FC Oberlausitz Neugersdorf136182
23%
34VfB Leipzig68119
19%
38Dresdner SC 18986896
18%
23Eisenhüttenstädter FC Stahl204241
18%
33FC Hertha 03 Zehlendorf136131
18%
29Spandauer SV170157
16%
39FC Schönberg 956883
14%
32Füchse Berlin Reinickendorf136146
13%
50SC Charlottenburg3417
13%
16FC Sachsen Leipzig204295
12%
51Türkiyemspor Berlin3416
5%
47SD Croatia Berlin3421
3%
43FSV Velten6850
2%

Verteilung der Resultate

Perzentil nach korrekt beantworteten Fragen

Anzahl Personen mit jedem Resultat

Ihre Resultats-Entwicklung

Sie haben dieses Quiz noch nicht gespielt